| 000 | 00379nam a22001457a 4500 | ||
|---|---|---|---|
| 003 | dpl | ||
| 005 | 20251029155049.0 | ||
| 008 | 251029b |||||||| |||| 00| 0 eng d | ||
| 245 |
_aSummerhill _cedited by Raghavendra P. Tiwari |
||
| 260 |
_aShimla _bIndian Institute of Advanced Study _c2024 |
||
| 300 | _aVol.XXX,No.1 | ||
| 310 | _a6 months | ||
| 362 | _a2024 | ||
| 942 |
_2ddc _cSR |
||
| 999 |
_c213686 _d213686 |
||